Statistics for Countries with the most airports

Click here to take the quiz!

General Stats

  • This quiz has been taken 41 times
  • The average score is 9 of 10

Answer Stats

Number of airports Answer % Correct
14,712United States of America
100%
4093Brazil
100%
1467Canada
100%
1218Russia
100%
1714Mexico
98%
1130Argentina
95%
683Indonesia
88%
992Columbia
85%
952Bolivia
60%
798Paraguay
43%

Score Distribution

Percentile by Number Answered

Percent of People with Each Score

Your Score History

You have not taken this quiz